000 00752nam a2200217 a 4500
001 004460
003 BD-ChCU
008 Ben
020 _a
040 _aDLC
_cDLC
_dBD-ChCU
082 0 0 _a১৯০/বন্দ্যো৩বি
100 1 _aবন্দ্যোপাধ্যায়, অনিলকুমার
_b-
245 1 0 _aবিংশ শতাব্দীর পাশ্চাত্য দর্শন
_b-
250 _a***
260 _aকলিকাতা
_bপশ্চিমবংগ রাজ্য পুস্তক পর্ষদ
_c১৯৯১
300 _a**
504 _a- Biblio-
650 0 _aদর্শন আধুনিক
_bদর্শন আধুনিক
700 1 _a-
942 _2ddc
_cBK
999 _c4460
_d4460